[Event "DEM U12 2025"]
[Site "Willingen GER"]
[Date "2025.06.10"]
[Round "4"]
[White "Martin Fernandez, Félix"]
[Black "Hübner, Paul"]
[Result "1-0"]
[Termination "normal"]
[Board "32"]
[WhiteElo "1723"]
[BlackElo "1849"]
[WhiteClock "00:27:27"]
[BlackClock "00:38:52"]
[PlyCount "95"]
[WhiteFideId "34605622"]
[BlackFideId "34684115"]
[EventCountry "GER"]
[EventRounds "9"]
[EventType "swiss"]
[EventDate "2025.06.07"]

1. e4 {[%clk 01:30:59]} c5 {[%clk 01:30:52]} {[%emt 00:00:09]} 2. Nf3 {[%clk
01:31:25]} {[%emt 00:00:03]} e6 {[%clk 01:31:11]} {[%emt 00:00:11]} 3. d4
{[%clk 01:31:37]} {[%emt 00:00:18]} cxd4 {[%clk 01:31:34]} {[%emt 00:00:08]} 4.
Nxd4 {[%clk 01:32:03]} {[%emt 00:00:03]} Nc6 {[%clk 01:31:43]} {[%emt
00:00:21]} 5. Nb5 {[%clk 01:32:13]} {[%emt 00:00:21]} d5 {[%clk 01:28:50]}
{[%emt 00:03:23]} 6. exd5 {[%clk 01:31:14]} {[%emt 00:01:30]} exd5 {[%clk
01:27:44]} {[%emt 00:01:35]} 7. Bf4 {[%clk 01:26:34]} {[%emt 00:05:09]} Qe7+
{[%clk 01:22:51]} {[%emt 00:05:23]} 8. Be2 {[%clk 01:21:00]} {[%emt 00:06:04]}
Qb4+ {[%clk 01:21:39]} {[%emt 00:01:43]} 9. Qd2 {[%clk 01:12:56]} {[%emt
00:08:35]} Qxb2 {[%clk 01:19:44]} {[%emt 00:02:24]} 10. Nc7+ {[%clk 01:09:46]}
{[%emt 00:03:40]} Kd8 {[%clk 01:15:59]} {[%emt 00:04:14]} 11. Qxd5+ {[%clk
01:09:45]} {[%emt 00:00:31]} Bd7 {[%clk 01:15:34]} {[%emt 00:00:55]} 12. O-O
{[%clk 01:06:32]} {[%emt 00:03:44]} Nce7 {[%clk 01:08:38]} {[%emt 00:07:25]}
13. Qd2 {[%clk 01:00:51]} {[%emt 00:06:12]} Rc8 {[%clk 00:59:59]} {[%emt
00:09:09]} 14. Rd1 {[%clk 00:52:05]} {[%emt 00:09:15]} Nf6 {[%clk 00:58:03]}
{[%emt 00:02:27]} 15. Bg4 {[%clk 00:51:09]} {[%emt 00:01:25]} Rxc7 {[%clk
00:47:39]} {[%emt 00:10:55]} 16. Bxc7+ {[%clk 00:51:32]} {[%emt 00:00:07]} Kxc7
{[%clk 00:47:22]} {[%emt 00:00:47]} 17. Qd6+ {[%clk 00:51:08]} {[%emt
00:00:54]} Kd8 {[%clk 00:41:28]} {[%emt 00:06:24]} 18. Bxd7 {[%clk 00:49:11]}
{[%emt 00:02:27]} Nc8 {[%clk 00:40:21]} {[%emt 00:01:37]} 19. Qd3 {[%clk
00:45:50]} {[%emt 00:03:51]} Nd6 {[%clk 00:40:09]} {[%emt 00:00:40]} 20. Nd2
{[%clk 00:31:57]} {[%emt 00:14:24]} Nxd7 {[%clk 00:31:51]} {[%emt 00:08:48]}
21. Nc4 {[%clk 00:31:37]} {[%emt 00:00:50]} Ne5 {[%clk 00:22:25]} {[%emt
00:09:57]} 22. Nxb2 {[%clk 00:30:57]} {[%emt 00:01:09]} Nxd3 {[%clk 00:22:43]}
{[%emt 00:00:12]} 23. Nxd3 {[%clk 00:31:03]} {[%emt 00:00:24]} Kc7 {[%clk
00:23:02]} {[%emt 00:00:11]} 24. Rab1 {[%clk 00:29:50]} {[%emt 00:01:44]} Ne4
{[%clk 00:23:01]} {[%emt 00:00:30]} 25. Re1 {[%clk 00:26:18]} {[%emt 00:04:02]}
Nd2 {[%clk 00:21:34]} {[%emt 00:01:56]} 26. Rbd1 {[%clk 00:24:24]} {[%emt
00:02:25]} Nc4 {[%clk 00:20:38]} {[%emt 00:01:25]} 27. Ne5 {[%clk 00:22:57]}
{[%emt 00:01:59]} Nd6 {[%clk 00:18:14]} {[%emt 00:02:54]} 28. Re3 {[%clk
00:18:43]} {[%emt 00:04:42]} f6 {[%clk 00:16:41]} {[%emt 00:02:03]} 29. Rc3+
{[%clk 00:18:49]} {[%emt 00:00:27]} Kb6 {[%clk 00:13:58]} {[%emt 00:03:12]} 30.
Rb1+ {[%clk 00:18:31]} {[%emt 00:00:48]} Nb5 {[%clk 00:13:40]} {[%emt
00:00:47]} 31. Nf7 {[%clk 00:14:45]} {[%emt 00:04:16]} Rg8 {[%clk 00:12:04]}
{[%emt 00:02:05]} 32. a4 {[%clk 00:13:44]} {[%emt 00:01:32]} Be7 {[%clk
00:10:55]} {[%emt 00:01:39]} 33. Rxb5+ {[%clk 00:13:59]} {[%emt 00:00:16]} Ka6
{[%clk 00:11:15]} {[%emt 00:00:09]} 34. Rc7 {[%clk 00:10:47]} {[%emt 00:03:43]}
Re8 {[%clk 00:10:38]} {[%emt 00:01:05]} 35. Rcxb7 {[%clk 00:10:38]} {[%emt
00:00:41]} Bc5 {[%clk 00:10:46]} {[%emt 00:00:21]} 36. g3 {[%clk 00:10:24]}
{[%emt 00:00:44]} Bb6 {[%clk 00:10:26]} {[%emt 00:00:51]} 37. Rd7 {[%clk
00:08:40]} {[%emt 00:02:10]} Re1+ {[%clk 00:10:26]} {[%emt 00:00:34]} 38. Kg2
{[%clk 00:09:06]} {[%emt 00:00:03]} Re2 {[%clk 00:10:49]} {[%emt 00:00:06]} 39.
c4 {[%clk 00:06:40]} {[%emt 00:02:58]} Rxf2+ {[%clk 00:10:33]} {[%emt
00:00:45]} 40. Kh3 {[%clk 00:06:11]} {[%emt 00:00:59]} Rc2 {[%clk 00:09:23]}
{[%emt 00:01:40]} 41. a5 {[%clk 00:02:33]} {[%emt 00:04:09]} Bxa5 {[%clk
00:08:31]} {[%emt 00:01:22]} 42. Nd6 {[%clk 00:25:25]} {[%emt 00:07:38]} Rxc4
{[%clk 00:38:01]} {[%emt 00:01:02]} 43. Rxa5+ {[%clk 00:25:46]} {[%emt
00:00:08]} Kxa5 {[%clk 00:38:09]} {[%emt 00:00:22]} 44. Nxc4+ {[%clk 00:26:12]}
{[%emt 00:00:04]} Kb5 {[%clk 00:37:55]} {[%emt 00:00:44]} 45. Rxa7 {[%clk
00:26:21]} {[%emt 00:00:21]} Kxc4 {[%clk 00:38:17]} {[%emt 00:00:07]} 46. Rxg7
{[%clk 00:26:49]} {[%emt 00:00:02]} Kd5 {[%clk 00:38:35]} {[%emt 00:00:13]} 47.
Rxh7 {[%clk 00:27:07]} {[%emt 00:00:11]} Ke6 {[%clk 00:38:52]} {[%emt
00:00:13]} 48. Kg4 {[%clk 00:27:27]} {[%emt 00:00:10]} 1-0

[Event "DEM U12 2025"]
[Site "Willingen GER"]
[Date "2025.06.10"]
[Round "4"]
[White "Boroshnev, Dmytro"]
[Black "Gusev, Daniil"]
[Result "0-1"]
[Termination "normal"]
[Board "33"]
[WhiteElo "1707"]
[BlackElo "1890"]
[WhiteClock "00:07:16"]
[BlackClock "00:35:41"]
[PlyCount "78"]
[WhiteFideId "34163611"]
[BlackFideId "55683886"]
[EventCountry "GER"]
[EventRounds "9"]
[EventType "swiss"]
[EventDate "2025.06.07"]

1. e4 {[%clk 01:30:56]} {[%emt 00:00:01]} c5 {[%clk 01:30:57]} {[%emt
00:00:06]} 2. Nf3 {[%clk 01:31:20]} {[%emt 00:00:05]} e6 {[%clk 01:31:23]}
{[%emt 00:00:04]} 3. d4 {[%clk 01:31:45]} {[%emt 00:00:05]} cxd4 {[%clk
01:31:52]} {[%emt 00:00:02]} 4. Nxd4 {[%clk 01:32:07]} {[%emt 00:00:07]} Nf6
{[%clk 01:32:20]} {[%emt 00:00:02]} 5. Nc3 {[%clk 01:32:28]} {[%emt 00:00:09]}
Nc6 {[%clk 01:32:46]} {[%emt 00:00:05]} 6. Nxc6 {[%clk 01:32:49]} {[%emt
00:00:08]} bxc6 {[%clk 01:33:13]} {[%emt 00:00:04]} 7. e5 {[%clk 01:33:13]}
{[%emt 00:00:05]} Nd5 {[%clk 01:33:39]} {[%emt 00:00:04]} 8. Ne4 {[%clk
01:33:38]} {[%emt 00:00:05]} Qc7 {[%clk 01:32:30]} {[%emt 00:01:40]} 9. f4
{[%clk 01:33:59]} {[%emt 00:00:07]} Qb6 {[%clk 01:01:43]} {[%emt 00:31:19]} 10.
c4 {[%clk 01:31:31]} {[%emt 00:02:57]} Ne3 {[%clk 01:01:07]} {[%emt 00:01:07]}
11. Qd3 {[%clk 01:31:54]} {[%emt 00:00:06]} Nxf1 {[%clk 01:00:07]} {[%emt
00:01:30]} 12. Rxf1 {[%clk 01:32:16]} {[%emt 00:00:08]} Bb4+ {[%clk 00:56:13]}
{[%emt 00:04:25]} 13. Ke2 {[%clk 01:32:35]} {[%emt 00:00:10]} d5 {[%clk
00:53:46]} {[%emt 00:02:59]} 14. exd6 {[%clk 01:32:24]} {[%emt 00:00:40]} f5
{[%clk 00:51:50]} {[%emt 00:02:26]} 15. Nc3 {[%clk 01:32:03]} {[%emt 00:00:50]}
O-O {[%clk 00:51:15]} {[%emt 00:01:05]} 16. Be3 {[%clk 01:32:13]} {[%emt
00:00:19]} c5 {[%clk 00:51:32]} {[%emt 00:00:15]} 17. Rfd1 {[%clk 01:31:56]}
{[%emt 00:00:46]} Bb7 {[%clk 00:51:08]} {[%emt 00:00:55]} 18. Kf1 {[%clk
01:29:51]} {[%emt 00:02:35]} Qc6 {[%clk 00:50:15]} {[%emt 00:01:23]} 19. Rd2
{[%clk 01:30:07]} {[%emt 00:00:14]} Rad8 {[%clk 00:50:21]} {[%emt 00:00:24]}
20. Rad1 {[%clk 01:29:15]} {[%emt 00:01:20]} Rf7 {[%clk 00:47:20]} {[%emt
00:03:32]} 21. a3 {[%clk 00:23:34]} {[%emt 01:06:12]} Ba5 {[%clk 00:47:22]}
{[%emt 00:00:28]} 22. Rb1 {[%clk 00:22:57]} {[%emt 00:01:07]} Rfd7 {[%clk
00:44:21]} {[%emt 00:03:31]} 23. b4 {[%clk 00:22:57]} {[%emt 00:00:30]} Rxd6
{[%clk 00:44:44]} {[%emt 00:00:07]} 24. Qe2 {[%clk 00:23:23]} {[%emt 00:00:03]}
Rxd2 {[%clk 00:44:50]} {[%emt 00:00:24]} 25. Bxd2 {[%clk 00:22:33]} {[%emt
00:01:21]} Bb6 {[%clk 00:41:26]} {[%emt 00:03:54]} 26. Rd1 {[%clk 00:14:44]}
{[%emt 00:08:18]} cxb4 {[%clk 00:39:52]} {[%emt 00:02:05]} 27. axb4 {[%clk
00:14:46]} {[%emt 00:00:27]} Rd4 {[%clk 00:40:01]} {[%emt 00:00:22]} 28. c5
{[%clk 00:11:26]} {[%emt 00:03:50]} Bxc5 {[%clk 00:40:08]} {[%emt 00:00:22]}
29. b5 {[%clk 00:11:54]} {[%emt 00:00:02]} Qd6 {[%clk 00:39:59]} {[%emt
00:00:39]} 30. Bc1 {[%clk 00:09:18]} {[%emt 00:03:07]} Be4 {[%clk 00:39:29]}
{[%emt 00:01:00]} 31. Ke1 {[%clk 00:07:55]} {[%emt 00:01:52]} Rxd1+ {[%clk
00:36:56]} {[%emt 00:03:03]} 32. Nxd1 {[%clk 00:07:46]} {[%emt 00:00:39]} Bd3
{[%clk 00:35:43]} {[%emt 00:01:43]} 33. Qb2 {[%clk 00:07:53]} {[%emt 00:00:23]}
Qd5 {[%clk 00:34:31]} {[%emt 00:04:44]} 34. Kd2 {[%clk 00:05:58]} {[%emt
00:00:23]} Bxb5+ {[%clk 00:34:36]} {[%emt 00:00:26]} 35. Ke1 {[%clk 00:06:07]}
{[%emt 00:00:20]} Qe4+ {[%clk 00:34:37]} {[%emt 00:00:29]} 36. Kd2 {[%clk
00:06:29]} {[%emt 00:00:08]} Qxf4+ {[%clk 00:34:40]} {[%emt 00:00:27]} 37. Ke1
{[%clk 00:06:41]} {[%emt 00:00:19]} Qe4+ {[%clk 00:34:58]} {[%emt 00:00:11]}
38. Kd2 {[%clk 00:07:04]} {[%emt 00:00:07]} Bb4+ {[%clk 00:35:16]} {[%emt
00:00:13]} 39. Nc3 {[%clk 00:07:16]} {[%emt 00:00:17]} Qe2# {[%clk 00:35:41]}
{[%emt 00:00:05]} 0-1